000 00280nam a22001337a 4500
008 230529b ||||| |||| 00| 0 eng d
041 _aFRA
080 _a82
082 _a82FLA
100 _a38
101 _aGJL
245 _aTHEATRE COMPLET I
_cFLAMMARION.G
942 _2udc
_cBK
999 _c59868
_d59868